Statistics for Denver Nuggets Leaders Per Year

Click here to take the quiz!

General Stats

  • This quiz has been taken 1,321 times
    (554 since last reset)
  • The average score is 16 of 81

Answer Stats

Player% Correct
Nikola Jokić
100%
Jamal Murray
95%
Carmelo Anthony
88%
Aaron Gordon
73%
Allen Iverson
73%
Alex English
70%
Michael Porter Jr.
61%
Kentavious Caldwell-Pope
58%
Dikembe Mutombo
57%
J.R. Smith
45%
Al Smith
44%
Chauncey Billups
42%
David Thompson
41%
Fat Lever
38%
Ty Lawson
33%
Kenneth Faried
32%
Marcus Camby
32%
Dan Issel
30%
Ervin Johnson
30%
Nene Hilario
29%
Danilo Gallinari
27%
Gary Harris
27%
Reggie Williams
26%
Rob Williams
26%
Larry Brown
25%
Paul Millsap
25%
Bobby Jackson
24%
Bobby Jones
24%
Larry Jones
24%
Mark Jackson
24%
Jusuf Nurkic
22%
Kiki Vandeweghe
22%
Mike Green
21%
Mahmoud Abdul-Rauf
20%
Kenyon Martin
17%
Mason Plumlee
17%
Andre Miller
16%
Andre Iguodala
14%
Antonio McDyess
14%
Jerami Grant
12%
LaPhonso Ellis
12%
Emmanuel Mudiay
11%
JaVale McGee
11%
Michael Adams
11%
Nick Van Exel
10%
Chris Andersen
7%
Jameer Nelson
7%
Juwan Howard
7%
Byron Beck
6%
Timofey Mozgov
6%
T.R. Dunn
6%
Raef LaFrentz
5%
Ralph Simpson
5%
Robert Pack
5%
Wayne Cooper
5%
Danny Schayes
4%
George McGinnis
4%
Spencer Haywood
4%
Blair Rasmussen
3%
Bryant Stith
3%
J.J. Hickson
2%
Junior Harrington
2%
Danny Fortson
1%
Dean Garrett
1%
Fatty Taylor
1%
James Posey
1%
Joe Barry Carroll
1%
Johnny Newman
1%
John Roche
1%
Julius Keye
1%
Kim Hughes
1%
Larry Cannon
1%
Mack Calvin
1%
Mark Macon
1%
Bob Wilkerson
0%
John Kuester
0%
Kenny Higgs
0%
Ted McClain
0%
Warren Jabali
0%
Willie Murrell
0%
Winston Garland
0%

Score Distribution

Percentile by Number Answered

Percent of People with Each Score

Your Score History

You have not taken this quiz since the last reset